Triediace pracovisko káblových koncoviek
Saved in:
| Main Author: | |
|---|---|
| Other Authors: | |
| Format: | Manuscript Book |
| Language: | Slovak |
| Published: |
2018
|
| Subjects: | |
| Online Access: | http://is.stuba.sk/zp/portal_zp.pl?podrobnosti=123905 |
| Tags: |
No Tags, Be the first to tag this record!
|
MARC
| LEADER | 00000ntm a22000003a 4500 | ||
|---|---|---|---|
| 001 | stuzp66415 | ||
| 003 | SK-STU | ||
| 005 | 20181107111333.5 | ||
| 007 | ta | ||
| 008 | 150427s2015----xo-----f-mn---000-0-slo-d | ||
| 040 | |a STU |b slo | ||
| 041 | 0 | |a slo | |
| 044 | |a xo | ||
| 100 | 1 | |a Greguš-Kohút, Jakub |u 031000 |4 aut |U FEI Fakulta elektrotechniky a informatiky |T FEI Ústav robotiky a kybernetiky |X 80505 |U E011 |Y 356 |7 80505 | |
| 242 | 0 | 1 | |a Sorting workstation of cable terminals |y eng |
| 245 | 1 | 0 | |a Triediace pracovisko káblových koncoviek |
| 260 | |c 2018 | ||
| 300 | |a 56 s., príl., |b CD-ROM | ||
| 650 | 4 | |a workstation |2 eng | |
| 650 | 4 | |a cable terminals |2 eng | |
| 650 | 4 | |a OPC |2 eng | |
| 650 | 4 | |a Profinet |2 eng | |
| 650 | 4 | |a TwinCAT |2 eng | |
| 650 | 4 | |a EtherCAT |2 eng | |
| 650 | 4 | |a PLC |2 eng | |
| 650 | 4 | |a pracovisko |2 slo | |
| 650 | 4 | |a káblové zväzky |2 slo | |
| 650 | 4 | |a OPC |2 slo | |
| 650 | 4 | |a PLC |2 slo | |
| 650 | 4 | |a Profinet |2 slo | |
| 650 | 4 | |a TwinCAT |2 slo | |
| 650 | 4 | |a EtherCAT |2 slo | |
| 700 | 1 | |a Chovanec, Ľuboš |u 031000 |k Z1 |4 ths |U FEI Fakulta elektrotechniky a informatiky |T FEI Ústav robotiky a kybernetiky |X 16076 |U E011 |Y 356 |7 A000016076 | |
| 856 | 4 | |u http://is.stuba.sk/zp/portal_zp.pl?podrobnosti=123905 | |
| 996 | |b 284ER02654 |c E*Bc- 2654 |l EE31 |s P |a 0 |w stuzp66415_0001 | ||